|
|
|
|
| LEADER |
01442nam a2200325 a 4500 |
| 001 |
0017207 |
| 003 |
BD-DhAAL |
| 005 |
20250522110444.0 |
| 008 |
090823s2001 enka 000 0 eng d |
| 010 |
|
|
|a 00046785
|
| 020 |
|
|
|a 0521779391 (pbk.)
|
| 020 |
|
|
|a 0521774977 (cassette)
|
| 020 |
|
|
|a 0521000246 (CD audio)
|
| 040 |
|
|
|a DLC
|c DLC
|d DLC
|d BD-DhAAL
|
| 082 |
0 |
0 |
|a 428.0071
|2 21
|
| 245 |
0 |
0 |
|a Learner English :
|b a teacher's guide to interference and other problems /
|c edited by Michael Swan and Bernard Smith.
|
| 250 |
|
|
|a Second edition.
|
| 260 |
|
|
|a Cambridge ;
|a New York :
|b Cambridge University Press,
|c 2001.
|
| 300 |
|
|
|a xvi, 362 p. :
|b ill. ;
|c 23 cm
|
| 490 |
0 |
|
|a Cambridge handbooks for language teachers
|
| 526 |
|
|
|a ENH
|x Shenin Ziauddin and Nazia Husain
Faculty Members of BRAC University
|
| 541 |
1 |
|
|e 00017207
|a Friends' Book Corner
|
| 650 |
|
0 |
|a English language
|x Study and teaching
|x Foreign speakers.
|
| 650 |
|
0 |
|a Interference (Linguistics)
|9 58394
|
| 700 |
1 |
|
|a Swan, Michael.
|9 46326
|
| 700 |
1 |
|
|a Smith, Bernard,
|d 1937-
|9 58395
|
| 852 |
4 |
|
|a Ayesha Abed Library
|c General Stacks
|
| 942 |
|
|
|2 ddc
|c BK
|
| 999 |
|
|
|c 3340
|d 3340
|
| 952 |
|
|
|0 0
|1 0
|2 ddc
|4 0
|6 428_007100000000000_LEA_2002
|7 0
|9 3031
|a BRACUL
|b BRACUL
|c GEN
|d 2009-08-31
|e Friends' Book Corner
|g 3140.00
|l 5
|m 13
|o 428.0071 LEA
|p 3010017207
|r 2016-03-28
|s 2016-03-22
|t 1
|w 2009-08-31
|y BK
|x Requisitioned by Shenin Ziauddin and Nazia Husain (Faculty Members of BRAC University)
|